Ayudas públicas a empresas (Record no. 12349)
[ view plain ]
| 000 -LEADER | |
|---|---|
| campo de control de longitud fija | 01411nam a22003015i 4500 |
| 001 - NÚMERO DE CONTROL | |
| campo de control | 12349 |
| 003 - IDENTIFICADOR DE NÚMERO DE CONTROL | |
| campo de control | ES-MaACL |
| 005 - FECHA Y HORA DE LA ÚLTIMA TRANSACCIÓN | |
| campo de control | 20250902061610.0 |
| 007 - CAMPO FIJO DE DESCRIPCIÓN FÍSICA--INFORMACIÓN GENERAL | |
| campo de control de longitud fija | t| |
| 008 - DATOS DE LONGITUD FIJA--INFORMACIÓN GENERAL | |
| campo de control de longitud fija | 951213s1995 sp ||||0| spa j |
| 020 ## - NÚMERO INTERNACIONAL ESTÁNDAR DEL LIBRO | |
| Número Internacional Estándar del Libro | 84-451-0948-0 |
| 040 ## - FUENTE DE CATALOGACIÓN | |
| Centro catalogador/agencia de origen | M-BN |
| Lengua de catalogación | spa |
| Centro/agencia transcriptor | M-BN |
| 080 ## - NÚMERO DE LA CLASIFICACIÓN DECIMAL UNIVERSAL | |
| Número de la Clasificación Decimal Universal | 334.71.025/.027:351.824(4-672 CE)(094.9) |
| 080 ## - NÚMERO DE LA CLASIFICACIÓN DECIMAL UNIVERSAL | |
| Número de la Clasificación Decimal Universal | 334.71.025/.027:351.824(4-672 CE)(094.92) |
| 245 00 - MENCIÓN DEL TÍTULO | |
| Título | Ayudas públicas a empresas |
| Resto del título | : decisiones de la Comisión Europea, sentencias del Tribunal de Justicia : 1990-1994 / |
| Mención de responsabilidad, etc. | [coordinación, Jaime Hevia Ruiz ; autores, José Luis Bautista Cordero ... et al.]. |
| 260 ## - PUBLICACIÓN, DISTRIBUCIÓN, ETC. | |
| Lugar de publicación, distribución, etc. | Madrid : |
| Nombre del editor, distribuidor, etc. | Consejería de Presidencia, Dirección General de Cooperación con el Estado y Asuntos Europeos, |
| Fecha de publicación, distribución, etc. | D.L. 1995. |
| 300 ## - DESCRIPCIÓN FÍSICA | |
| Extensión | 355 p ; |
| Dimensiones | 24 cm. |
| 500 ## - NOTA GENERAL | |
| Nota general | "... actualización del libro del mismo título realizado en 1990 por Teresa Janini Tatay y Javier Calvo García ..."--V. port. |
| 650 14 - PUNTO DE ACCESO ADICIONAL DE MATERIA--TÉRMINO DE MATERIA | |
| Término de materia o nombre geográfico como elemento de entrada | Empresas- |
| Subdivisión general | Ayudas comunitarias |
| 9 (RLIN) | 12215 |
| 700 1# - ENTRADA AGREGADA--NOMBRE PERSONAL | |
| Nombre de persona | Bautista Cordero, José Luis. |
| 9 (RLIN) | 26622 |
| 700 1# - ENTRADA AGREGADA--NOMBRE PERSONAL | |
| Nombre de persona | Hevia, Jaime. |
| 9 (RLIN) | 63504 |
| 710 2# - ENTRADA AGREGADA--NOMBRE DE ENTIDAD CORPORATIVA | |
| Nombre de entidad corporativa o nombre de jurisdicción como elemento de entrada | Comisión de las Comunidades Europeas. |
| 9 (RLIN) | 3020 |
| 710 2# - ENTRADA AGREGADA--NOMBRE DE ENTIDAD CORPORATIVA | |
| Nombre de entidad corporativa o nombre de jurisdicción como elemento de entrada | Tribunal de Justicia de las Comunidades Europeas. |
| 9 (RLIN) | 6982 |
| 710 1# - ENTRADA AGREGADA--NOMBRE DE ENTIDAD CORPORATIVA | |
| Nombre de entidad corporativa o nombre de jurisdicción como elemento de entrada | Madrid (Comunidad Autónoma). |
| Unidad subordinada | Dirección General de Cooperación con el Estado y Asuntos Europeos. |
| 9 (RLIN) | 5610 |
| 852 ## - LOCALIZACIÓN | |
| Ubicación | ES-MaACL |
| Número de control de estantería | L-19695 |
| Sublocalización o colección | R.124442 |
| 942 ## - ELEMENTOS DE ENTRADA SECUNDARIOS (KOHA) | |
| Fuente del sistema de clasificación o colocación | Clasificación decimal universal |
| Estatus retirado | Estado de pérdida | Estado de daño | No para préstamo | Biblioteca de origen | Biblioteca actual | Ubicación en estantería | Fecha de adquisición | Fuente de adquisición | Total de préstamos | Signatura topográfica completa | Código de barras | Visto por última vez | Precio de reemplazo | Tipo de ítem Koha |
|---|---|---|---|---|---|---|---|---|---|---|---|---|---|---|
| Biblioteca del Ateneo de Madrid | Biblioteca del Ateneo de Madrid | Depósito 2 | 17/01/2008 | L-19695 | 1012584 | 23/02/2023 | 23/02/2023 | Libro impreso |
